书目信息 |
| 题名: |
民国研究
|
|
| 作者: | 朱庆葆 主编 | |
| 分册: | 2019年春季号(总第35辑) | |
| 出版信息: | 北京 社会科学文献出版社 2019.9 |
|
| 页数: | 242页 | |
| 开本: | 24cm | |
| 丛书名: | ||
| 单 册: | ||
| 中图分类: | K258.07 | |
| 科图分类: | ||
| 主题词: | 中国历史--zhong guo li shi--现代史--研究--民国 | |
| 电子资源: | ||
| ISBN: | 978-7-5201-5790-2 | |
| 000 | 01473nam0 2200265 450 | |
| 001 | 2159267583 | |
| 005 | 20210926145348.0 | |
| 010 | @a978-7-5201-5790-2@dCNY89.00 | |
| 100 | @a20191114d2019 em y0chiy0110 ea | |
| 101 | 0 | @achi |
| 102 | @aCN@b110000 | |
| 105 | @ay z 000yy | |
| 106 | @ar | |
| 200 | 1 | @a民国研究@Amin guo yan jiu@h2019年春季号(总第35辑)@f朱庆葆主编 |
| 210 | @a北京@c社会科学文献出版社@d2019.9 | |
| 215 | @a242页@d24cm | |
| 300 | @a南京大学人文基金资助集刊 中文社会科学引文索引(CSSCI)来源集刊 | |
| 312 | @a英文共同题名:Studies on republican China | |
| 330 | @a《民国研究》系教育部人文社会科学重点研究基地南京大学中华民国史研究中心主办的专业性学术刊物。1994年南京大学中华民国史研究中心正式成立后,即邀请国内外数十位专家组成编委会,以著名民国史专家张宪文教授为主任编委,开始出版《民国研究》,为海内外学者提供了一个学术研究和学术讨论的园地。《民国研究》目前为半年刊,入选CSSCI来源集刊。主要刊载有关中华民国时期(1912~1949)相关史实与理论的研究论文,设有专题研究、专论、学术动态、书评等多个栏目。在到一些重要的周年或者大事发生的时候,即设立相应的历史研究专题。对于一些热点问题和史学动态,本刊也始终关注。《民国研究》编委会阵容强大,汇聚了海内外众多的知名专家学者,为组编高质量的学术刊物奠定了基础。 | |
| 510 | 1 | @aStudies on republican China@zemg |
| 606 | 0 | @a中国历史@Azhong guo li shi@z现代史@x研究@x民国 |
| 690 | @aK258.07@v5 | |
| 701 | 0 | @a朱庆葆@Azhu qing bao@4主编 |
| 801 | 0 | @aCN@b百万庄@c20210926 |
| 905 | @b1299656-59@dK258.07@e90@f4 | |
| 民国研究.2019年春季号(总第35辑)/朱庆葆主编.-北京:社会科学文献出版社,2019.9 |
| 242页;24cm |
| 南京大学人文基金资助集刊 中文社会科学引文索引(CSSCI)来源集刊 |
| ISBN 978-7-5201-5790-2:CNY89.00 |
| 《民国研究》系教育部人文社会科学重点研究基地南京大学中华民国史研究中心主办的专业性学术刊物。1994年南京大学中华民国史研究中心正式成立后,即邀请国内外数十位专家组成编委会,以著名民国史专家张宪文教授为主任编委,开始出版《民国研究》,为海内外学者提供了一个学术研究和学术讨论的园地。《民国研究》目前为半年刊,入选CSSCI来源集刊。主要刊载有关中华民国时期(1912~1949)相关史实与理论的研究论文,设有专题研究、专论、学术动态、书评等多个栏目。在到一些重要的周年或者大事发生的时候,即设立相应的历史研究专题。对于一些热点问题和史学动态,本刊也始终关注。《民国研究》编委会阵容强大,汇聚了海内外众多的知名专家学者,为组编高质量的学术刊物奠定了基础。 |
| ● |
| 相关链接 |
|
|
|
|
正题名:民国研究
索取号:K258.07/90
 
预约/预借
| 序号 | 登录号 | 条形码 | 馆藏地/架位号 | 状态 | 备注 |
| 1 | 1299656 | 212996560 | 第二样本阅览室/ [索取号:K258.07/90] | 在馆 | |
| 2 | 1299657 | 212996579 | 第二借阅区/ [索取号:K258.07/90] | 在馆 | |
| 3 | 1299658 | 212996588 | 第二借阅区/ [索取号:K258.07/90] | 在馆 | |
| 4 | 1299659 | 212996597 | 第二借阅区/ [索取号:K258.07/90] | 在馆 |